A Text Book of Nanoscience & Nanotechnology (Record no. 14201)
[ view plain ]
| 000 -LEADER | |
|---|---|
| fixed length control field | 00300nam a22001217a 4500 |
| 020 ## - INTERNATIONAL STANDARD BOOK NUMBER | |
| ISBN | 9789382006503 |
| 082 ## - DEWEY DECIMAL CLASSIFICATION NUMBER | |
| Classification number | 620.43 |
| Item number | SUH/NA |
| 100 ## - MAIN ENTRY--AUTHOR NAME | |
| Personal name | Bhattacharya Suhas |
| 245 ## - TITLE STATEMENT | |
| Title | A Text Book of Nanoscience & Nanotechnology |
| 260 ## - PUBLICATION, DISTRIBUTION, ETC. (IMPRINT) | |
| Place of publication | Delhi |
| Name of publisher | Wisdom Press |
| Year of publication | 2013 |
| 300 ## - PHYSICAL DESCRIPTION | |
| Number of Pages | 283 |
| Other physical details | |
| 942 ## - ADDED ENTRY ELEMENTS (KOHA) | |
| Koha item type | Books |
| Withdrawn status | Lost status | Damaged status | Collection code | Home library | Current library | Shelving location | Date acquired | Source of acquisition | Cost, normal purchase price | Full call number | Accession Number | Koha item type |
|---|---|---|---|---|---|---|---|---|---|---|---|---|
| KAUAET | KAUAET | General Stacks | 03/06/2016 | Penta Books, Calicut | 975.00 | 620.43 SUH/NA | 23756 | Books |
